| 000 | 00888cam a22002418i 4500 | ||
|---|---|---|---|
| 005 | 20260630170851.0 | ||
| 008 | 210719s2022 nyu ob 001 0 eng | ||
| 020 |
_a9781108961110 _q(ebook) |
||
| 020 |
_z9781108958639 _q(paperback) |
||
| 040 |
_aKABLIB _beng _cKABLIB _erda |
||
| 082 | 0 | 0 |
_a613.9 _223 _bHAN |
| 245 | 0 | 0 |
_aHandbook of contraception and sexual reproductive healthcare / _cJohannes Bitzer, Tahir A. Mahmood (editors). |
| 250 | _a1st ed. | ||
| 264 | 1 |
_aNew York, NY : _bCambridge University Press, _cc2022. |
|
| 300 |
_axvi, 488 p. : _bill. ; _c24 cm. |
||
| 504 | _aIncludes bibliographical references, index. | ||
| 650 | 1 | 2 |
_aContraception _xmethods _915831 |
| 650 | 2 | 2 |
_aContraceptive Agents _915832 |
| 650 | 2 | 2 |
_aSexually Transmitted Diseases _915835 |
| 700 | 1 |
_aBitzer, Johannes _d1950- _eeditor. _915841 |
|
| 700 | 1 |
_aMahmood, Tahir A, _eeditor. _915842 |
|
| 942 |
_2ddc _cBOOK |
||
| 999 |
_c6226 _d6226 |
||